000
00271nam a2200097 a 4500
005
20201002052632.0
008
150618s2004 000 spa d
245
0
_a
Mensajes del santo padre Paulo VI a los dominicanos :.
260
_a
Puerto Rico,
_c
[s.f.].
999
_c
45583
_d
45583
040
_a
DO-SdBNP